02057nam a22003737a 4500001001100000003001100011005001700022008004100039020005000080040001300130041000800143050002300151245007100174260004300245260007100288300004900359500002400408500013000432500006400562505003100626505009100657505004700748505006600795505005700861505008200918505005401000505008201054505006101136505004101197505009501238505005001333520023501383600006501618BRCA_ 9197FranzMayer20220809125451.0220711b |||||||| |||| 00| 0 spa d a9783903114944qEdición de museo en inglés bspacMFM1 aeng aN4396.S8bW65 201900aWolfgang Paalen : bthe Austrian Surrealist in Paris and Mexico /  aLondres : bKoenig Books Ltd, c[2019] aNueva York : b[Fuera de Europa] D.A.P./Distributed Art Publishers a248 p. : bil., fot. col. ;c16.5 x 24.5 cm. aUbicación: L60-N1 aIncluye imágenes de piezas del Museo Franz Mayer (pp. 108, 113, 129, 136, 184, 186, 189, 194, 195, 197, 199, 205, 206, 208) aIncluye imagen del Fondo Paalen, Museo Franz Mayer (p. 171)2 tForeword / rStella Rollig2 tShock, Fear, and Apparition as Topoi in Wolfgang Paalen's Painting / rAndreas Neufert2 tOrientations (1927-34) / rAndreas Neufert2 tFrom Roots to Guns: Paalen's Surrealist Objects / rDawn Ades2 tWolfgang Paalen's Voyage Nord-Ouest / rColin Browne2 tWolfgang Paalen's Transnational Art Magazine DYN / rTimur Alexander El Rafie2 tSurrealism in Paris (1935-39) / rAndreas Neufert2 tWolfgang Paalen: "The First Writer of the Atomic Age" / rMarkus Hallensleben2 tWolfgang Paalen in Exile in Mexico / rChristian Kloyber2 tMexico (1939-50) / rAndreas Neufert2 tWolfgang Paalen-Surrealist from Vienna: Searching for the Austrian Context / rFranz Smola2 tBiography Wolfgang Paalen / rAndreas Neufert aEste catálogo se publica con motivo de la exposición "Wolfgang Paalen. El surrealista austriaco en París y México" del 4 de octubre de 2019 al 19 de enero de 2020 en el Lower Belvedere, Viena. - Proporcionado por el editor a Paalen, Wolfgang,‏ d1907-1959xSurrealismoxExposiciones